书目信息 |
| 题名: |
BASIC实用程序100例
|
|
| 作者: | 赵旭 , 冯克久 编 | |
| 分册: | ||
| 出版信息: | 北京 电子工业出版社 1985 |
|
| 页数: | 231页 | |
| 开本: | 26cm | |
| 丛书名: | 微计算机程序库丛书 | |
| 单 册: | ||
| 中图分类: | TP319 | |
| 科图分类: | ||
| 主题词: | 软件 | |
| 电子资源: | ||
| ISBN: | ||
| 000 | 00737nam2 2200277 45 | |
| 001 | 0185019962 | |
| 005 | 20040308083711.9 | |
| 010 | @dCNY2.70 | |
| 091 | @a15290.170 | |
| 100 | @a19900923d1985 em y0chiy0121 ea | |
| 101 | 0 | @achi |
| 102 | @aCN@b110000 | |
| 105 | @ay z 000yy | |
| 106 | @ar | |
| 200 | 10 | @aBASIC实用程序100例@ABASIC shi yong cheng xu 100 li@f赵旭, 冯克久编 |
| 210 | @a北京@c电子工业出版社@d1985 | |
| 215 | @a231页@d26cm | |
| 225 | 2 | @a微计算机程序库丛书 |
| 410 | 0 | @120010@a微计算机程序库丛书 |
| 606 | 0 | @a软件 |
| 690 | @aTP319 | |
| 701 | 0 | @a赵旭@Azhao xu@4编 |
| 701 | 0 | @a冯克久@Afeng ke jiu@4编 |
| 801 | 0 | @aCN@b深圳图书馆@c20040308 |
| 801 | 2 | @aCN@bNLC@c20040308 |
| 905 | @f1@b148330@dTP319@e147 | |
| BASIC实用程序100例/赵旭, 冯克久编.-北京:电子工业出版社,1985 |
| 231页;26cm.-(微计算机程序库丛书) |
| ISBN :CNY2.70 |
| ● |
| 相关链接 |
|
|
|
|
正题名:BASIC实用程序100例
索取号:TP319/147
 
预约/预借
| 序号 | 登录号 | 条形码 | 馆藏地/架位号 | 状态 | 备注 |
| 1 | 0148330 | 001900054 | 密集书库/ [索取号:TP319/147] | 在馆 | |
| 2 | 0148332 | 001337208 | 第三借阅区/ [索取号:TP319/147] | 在馆 | |
| 3 | 0148333 | 001337244 | 第三借阅区/ [索取号:TP319/147] | 在馆 | |
| 4 | 0148334 | 202105391 | 第二样本阅览室/ [索取号:TP319/147] | 在馆 |